[Event "Tilburg Fontys"]
[Site "Tilburg"]
[Date "1996.10.21"]
[Round "9"]
[White "Shirov, Alexei"]
[Black "Polgar, Judit"]
[Result "1-0"]
[WhiteElo "2685"]
[BlackElo "2665"]
[Annotator "Shirov,A"]
[PlyCount "59"]
[EventDate "1996.10.11"]
[EventType "tourn"]
[EventRounds "11"]
[EventCountry "NED"]
[EventCategory "16"]
[Source "ChessBase"]
[SourceDate "1997.02.01"]

1. e4 {Boensch} c5 2. Nf3 d6 3. d4 cxd4 4. Nxd4 Nf6 5. Nc3 a6 6. Be2 e6 7. O-O
Be7 8. f4 O-O 9. Be3 Qc7 10. g4 $1 Re8 (10... d5 {Boensch} 11. e5 (11. exd5
Nxd5 12. Nxd5 exd5 13. Bd3 Bc5 14. c3 Nc6 15. f5 Re8 $11 {1-0 Renner,C-Siepelt,
H/Bayern-ch 1991 (43)}) 11... Ne4 12. Nxe4 (12. Bd3 Nxc3 13. bxc3 Qxc3 14. Rb1
$132 {1-0 Lauk,U-Odeev,H/Moscow olm 1994 (36)}) 12... dxe4 13. Qe1 (13. g5 Rd8
$1 (13... Nc6 14. c3 Bc5 15. Qc2 b5 16. Qxe4 Bb7 17. Bf3 $14 {1/2-1/2 Bologan,
V-Novikov,I/New York op 1993 (45)}) 14. c3 Nd7 15. Qc2 Nc5 16. Rad1 b5 17. Nb3
Bb7 18. Rxd8+ Rxd8 19. Nxc5 Bxc5 $15 {1/2-1/2 Nevednichy,V-Timoshchenko,G/Biel
op 1994 (44)}) 13... b5 14. Rc1 Nd7 15. c4 b4 16. Nb3 a5 17. c5 a4 18. Nd2 Bb7
$11 {1-0 Olafsson,F-Stein,L/Stockholm izt 1962 (31)}) (10... b5 {Boensch} 11.
g5 Nfd7 12. Bd3 $1 (12. f5 $6 b4 13. fxe6 bxc3 14. exf7+ Kh8 $5 (14... Rxf7 $2
15. Rxf7 Kxf7 16. Ne6 $2 (16. Qf1+ $1 Nf6 (16... Kg8 $2 17. Bc4+ $18) 17. Bc4+
Ke8 18. gxf6 Bxf6 19. bxc3 Bb7 20. Ne6 Qe7 21. Qh3 Bxe4 22. Bb6 $18) 16... Qc6
17. Bh5+ Kg8 18. Bf7+ Kxf7 19. Qf3+ Nf6 $19 {0-1 Pogats,J-Orgovan,S/HUN-chT
1992 (42)}) 15. Ne6 Qb7 16. Bd4 Ne5 17. Nxf8 Bxf8 18. Bxc3 Qxe4 $132) 12... Re8
13. Qh5 g6 14. Qh4 b4 15. Nce2 Bb7 16. Rf3 h5 17. Ng3 Bf8 18. Nxh5 gxh5 19.
Qxh5 Bg7 20. f5 exf5 21. Nxf5 Nf8 22. Nxg7 Kxg7 23. Bd4+ Re5 24. Raf1 {1-0
Sutovskij,E-Van Wely,L/Tilburg Fontys 1996}) (10... Nfd7 {Boensch} 11. g5 Nc6
12. f5 Nde5 (12... Nxd4 13. Qxd4 Re8 14. fxe6 $1 fxe6 15. Bh5 Rf8 16. Rxf8+
Bxf8 17. Rf1 Ne5 18. Nd5 $1 Qd8 19. Nb6 $16 {Short,N-Ljubojevic,L Novi Sad olm
(11) ENG-JUG 1990 1-0 43}) 13. f6 Bd8 14. Bd3 Nxd4 15. Bxd4 Qa5 16. fxg7 Kxg7
17. Kh1 Bb6 18. Bxe5+ Qxe5 19. Qh5 Be3 20. Rf3 Bxg5 21. Rg1 f6 22. h4 {1-0
Sutovskij,E-Polgar,J/Tilburg Fontys 1996}) 11. f5 $5 (11. g5 {Boensch} Nfd7 12.
Bd3 (12. Bh5 g6 (12... Bf8 $4 13. Bxf7+ $1 Kxf7 14. Qh5+ Ke7 15. f5 $18) (12...
Nc6 $2 13. Bxf7+ $1 Kxf7 14. Qh5+ $18) 13. Bg4 Bf8 (13... Nc6 $2 14. Nxe6 $1
fxe6 15. Bxe6+ $16) (13... Bd8 $5 14. Qd2 $6 Nc6 15. Rad1 Nxd4 16. Bxd4 b5 17.
Qf2 Bb7 18. Rd3 Nf8 19. b4 Qc4 20. a3 Rc8 21. Qh4 h5 22. Bxh5 gxh5 23. Qxh5
Qxd4+ $3 $17 {Xie Jun-Bischoff,K Baden Baden-B (08) 1992 0-1 34}) 14. f5 (14.
Qf3 Nc6 15. Qh3 Nb6 16. f5 exf5 17. exf5 d5 18. Rad1 Bc5 $132 {Zigouris,
H-Rychagov,M Katerini op 1992 0-1 28}) (14. a4 Nc6 15. Qe2 Nxd4 16. Bxd4 b6 17.
Qf2 Bb7 18. Rae1 Re7 19. h4 Rae8 20. Bh3 e5 21. fxe5 Nxe5 $10 {Polgar,
J-Polugaevsky,L (3) Aruba m 1991 1/2 28}) 14... Ne5 15. fxe6 fxe6 (15... Bxe6
$2 16. Bxe6 fxe6 17. Nxe6 $1 Rxe6 18. Qd5 Qc4 19. Qxb7 Qc6 20. Rxf8+ $1 Kxf8
21. Qxh7 $18) 16. Rf6 Nxg4 17. Qxg4 Nc6 $2 18. Nxc6 bxc6 19. e5 $1 $16 {Shirov,
A-Anand,V Buenos Aires 1994 1-0 47}) 12... Nc6 13. Qh5 g6 14. Qh4 Bf8 15. Rf3
Bg7 16. Nde2 b5 17. Rh3 (17. Raf1 Bb7 18. Rh3 Nf8 19. f5 Ne5 20. f6 Bh8 21. Nf4
Rac8 22. Bd4 Red8 23. Bxe5 dxe5 24. Nxg6 fxg6 25. f7+ $18 {Shchekachev,
A-Newerovski,G Kstovo op (05) 1994 1-0 33 - EXP 42}) 17... Nf8 18. f5 Ne5 19.
f6 Bh8 20. a3 $1 $16 {1-0 Kasparov,G-Anand,V/Moscow PCA-GP 1996 (34)}) 11...
Bf8 $6 (11... h6) 12. g5 Nfd7 {[#]} 13. Nxe6 $1 (13. fxe6 {Boensch} fxe6 14.
Bh5 g6 15. Bg4 Ne5 16. Rf6 (16. Nxe6 Rxe6 $1 $8 17. Nd5 Qd8 18. Nb6 Nxg4 19.
Qxg4 Re8 20. Qf3 Be6 21. Nxa8 Nd7 $17) 16... Nxg4 17. Qxg4 Nd7 18. Rxe6 (18.
Raf1 Ne5 19. Qh3 Bg7 20. Nxe6 Qd7 21. Nd5 Rxe6 22. Qxe6+ Qxe6 23. Rxe6 Bxe6 24.
Nc7 Nc4 25. Bf4 Bh3 $15) 18... Ne5 19. Rxe8 Nxg4 20. Rf1 Qf7 21. Rxf7 Kxf7 22.
Rxf8+ Kxf8 23. Bf4 Ne5 24. Bxe5 dxe5 25. Nf3 Be6 26. Nxe5 {1/2-1/2 Nevednichy,
V-Nisipeanu,L/Bucharest Ciocaltea 1995}) 13... fxe6 14. Bh5 $18 g6 (14... Qd8
15. fxe6 Nc5 (15... Ne5 16. Bf7+ Kh8 17. Bxe8 Qxe8 18. Nd5 $18) 16. Bf7+ Kh8
17. Bxe8 Qxe8 18. Bxc5 dxc5 19. Nd5 Ra7 20. Qh5 g6 21. Qf3 Bg7 22. e7 Kg8 23.
Qb3 Kh8 24. Nf6 $18) (14... Re7 15. fxe6 Nb6 16. Qf3 Qd8 17. Bxb6 Qxb6+ 18. Rf2
$18) 15. fxg6 Re7 (15... hxg6 {Boensch} 16. Bxg6 Re7 17. Qh5 $18) 16. Nd5 $1
exd5 17. Qxd5+ Kh8 18. gxh7 $1 (18. Rxf8+ $6 Nxf8 19. Rf1 Nxg6 $1 (19... Ne6
20. Bd4+ Kg8 (20... Rg7 21. Rf7 $18) 21. Qf5 $1 Qd7 22. Qf6 Rg7 23. Bg4 Qe7 24.
gxh7+ Rxh7 25. Bxe6+ Bxe6 26. Qg6+ Rg7 27. Bxg7 Qxg7 28. Qxe6+ Kh8 29. Qe8+ Kh7
30. Rf7 $18) 20. Bd4+ (20. Bxg6 $2 Be6 21. Bd4+ Kg8 22. Bxh7+ Kxh7 23. g6+ Kg8
24. Qh5 Rg7) 20... Re5 21. Bxg6 Qe7 22. Bxe5+ (22. Rf7 Qxg5+ 23. Kf2 Qh4+ 24.
Kg1 Qg5+ $10) 22... dxe5 23. Bxh7 Qxg5+ 24. Kh1 Nc6 (24... Kxh7 25. Qf7+ Qg7
26. Qh5+ Kg8 27. Qe8+ Kh7 28. Qxc8 $18) 25. Rg1 Qxg1+ 26. Kxg1 Kxh7 27. Qf7+
$16) 18... Rxh7 (18... Kxh7 {Boensch} 19. Rf7+ Kh8 20. Bd4+ Re5 21. Bg6 $1 Bg7
22. Rxg7 Rxd5 (22... Kxg7 23. Qf7+ Kh8 24. Qh7#) 23. Rh7+ Kg8 24. Rh8#) (18...
Rg7 {Boensch} 19. Bd4 Kxh7 (19... Ne5 20. Rxf8+ Kxh7 21. g6+ Nxg6 22. Bxg6+
Kxg6 (22... Rxg6+ 23. Kh1 $18) 23. Rh8 $18) 20. Qf5+ Kh8 21. Bg6 $18) 19. Bg6
$5 (19. g6 $1 Rg7 20. Bg4 Rxg6 21. Bd4+ Nf6 (21... Ne5 22. Rxf8+ Kh7 23. Bxe5
Rxg4+ 24. Kh1 dxe5 25. Rf7+ Rg7 26. Rxc7 Rxc7 27. Qxe5 $18) 22. Rxf6 Rxf6 23.
Bxf6+ Bg7 24. Qh5+ Kg8 25. Qe8+ Kh7 26. Bxc8 Bxf6 27. Bf5+ $18) 19... Bg7 (
19... Qc6 20. Rxf8+ Nxf8 21. Bd4+ Rg7 22. Bxg7+ Kxg7 23. Qf7+ Kh8 24. Qxf8#) (
19... Rg7 20. Bd4 Nc6 (20... Qd8 {Boensch} 21. Rf4 $18) 21. Rf4 $18) (19... Re7
20. Rf4 $18) 20. Bxh7 Qd8 (20... Kxh7 21. g6+ Kxg6 (21... Kh8 {Boensch} 22.
Qh5+ Kg8 23. Qh7#) 22. Qf5#) 21. Bf5 (21. Qf7 $1 Kxh7 (21... Ne5 22. Qh5 Bg4
23. Qh4 $18) 22. Qh5+ Kg8 23. g6 Nf6 (23... Nf8 24. Rxf8+ Kxf8 25. Rf1+ Ke8 26.
Qd5 Qe7 27. Qg8+ Kd7 28. Rf7 $18) 24. Rxf6 Qxf6 25. Rf1 $18) 21... Ne5 22. Qd1
Bxf5 (22... Qe8 23. g6 $18) (22... Kg8 23. Qh5 Bxf5 24. exf5 $18) 23. exf5 Qe8
24. g6 Ng4 (24... Nxg6 25. Qh5+ Kg8 26. Rae1 $18) 25. Bd4 Qe4 (25... Nf6 {
Boensch} 26. Re1 Qd7 (26... Qf8 27. Bxf6 $18) 27. Re6 $18) 26. f6 Nc6 (26...
Nxf6 27. Qh5+ $1 Kg8 (27... Nxh5 28. Rf8#) 28. Bxf6 Qe3+ 29. Rf2 $18) (26...
Bxf6 27. Bxf6+ Nxf6 28. Rxf6 $18) 27. fxg7+ Kg8 28. Rf8+ Rxf8 29. gxf8=Q+ Kxf8
30. Qf1+ (30. Qf1+ {Boensch} Ke8 31. Qf7+ Kd8 32. Bb6+ Kc8 33. Qc7#) 1-0

[Event "Sao Paulo m"]
[Site "Sao Paulo"]
[Date "1996.??.??"]
[Round "2"]
[White "Milos, Gilberto"]
[Black "Polgar, Judit"]
[Result "1-0"]
[WhiteElo "2605"]
[BlackElo "2665"]
[PlyCount "69"]
[EventDate "1996.11.29"]
[EventType "match"]
[EventRounds "4"]
[EventCountry "BRA"]
[Source "ChessBase"]
[SourceDate "1997.02.01"]

1. e4 c5 2. Nf3 d6 3. d4 cxd4 4. Nxd4 Nf6 5. Nc3 Nc6 6. Bc4 Qb6 7. Nb3 e6 8.
Bf4 Ne5 9. Bb5+ Bd7 10. Bxd7+ Nfxd7 11. Qe2 Rc8 (11... a6 12. O-O (12. O-O-O
Be7 13. h4 Qc7 14. Bg5 Nf6 15. f4 Nc6 16. h5 h6 17. Bh4 b5 18. Kb1 b4 19. Na4
O-O 20. g4 {1/2-1/2 Milos,G-Zarnicki,P/San Luis Clarin-GP 1995 (41)}) 12... Qc7
13. Rad1 Be7 14. Bc1 Nf6 15. f4 Ned7 16. Kh1 Rc8 17. Rd3 b5 18. a3 O-O 19. g4 {
1/2-1/2 Milos,G-Fiorito,F/Mar del Plata op 1996 (33)}) 12. Rd1 Be7 13. O-O O-O
14. Kh1 Qa6 15. Qxa6 bxa6 16. Bc1 g5 17. Nd4 Nc5 18. f3 Rfd8 19. g3 Bf6 20. f4
gxf4 21. gxf4 Nc6 22. Nde2 Nb4 23. Rd2 a5 24. a3 Nc6 25. Rfd1 Be7 26. Ng3 a6
27. Rg2 Kf8 28. Nh5 Ke8 29. Be3 Rb8 30. Rg8+ Bf8 31. e5 f5 32. Rh8 Nd7 33. Rxd6
Rbc8 34. Rd2 Kf7 35. Rg2 1-0

[Event "Madrid Magistral 6th"]
[Site "Madrid"]
[Date "1997.05.25"]
[Round "4"]
[White "Topalov, Veselin"]
[Black "Polgar, Judit"]
[Result "1-0"]
[WhiteElo "2725"]
[BlackElo "2645"]
[Annotator "Ribli"]
[PlyCount "89"]
[EventDate "1997.06.??"]
[EventType "tourn"]
[EventRounds "9"]
[EventCountry "ESP"]
[EventCategory "17"]
[Source "ChessBase"]
[SourceDate "1997.08.01"]

1. c4 {Ftacnik} e6 2. Nc3 d5 3. d4 Bb4 {Eine in letzter Zeit sehr populäre
Zugfolge. In einigen Varianten kann Schwarz statt des "normalen" Nf6 - Ne7
spielen.Ribli.} 4. Nf3 Nf6 {So entsteht die sogenannte "Ragosin-Variante".
Schwarz strebt lebendiges Figurenspiel an. Meiner Meinung nach ist das ganze
System jedoch  ein wenig unnatürlich.Ribli.} 5. Bg5 {Mit dem Partiezug bietet
Weiß seinem Kontrahenten die Gelegenheit mit 5...dxc4 in die Wiener-Variante
einzulenken. Wenn Weiß das umgehen möchte, kann er zuerst 5.cxd5 cxd5 und
anschließend 6.Bg5 ziehen.Ribli.} h6 6. Bxf6 Qxf6 7. e3 O-O 8. Rc1 {Das ist
ein sehr einfaches und gutes System für Weiß. Er besitzt Vorteil im Zentrum
und in Wirklichkeit ist die schwarze Dame auf f6 schlecht postiert. Schwarz
hat zwar das Läuferpaar, aber es dürfte schwierig sein, für den Bc8 eine gute
Zukunft zu finden.Ribli.} dxc4 (8... c6 9. a3 (9. Bd3 Nd7 10. O-O Bxc3 11. Rxc3
dxc4 12. Bxc4 e5 13. Bb3 exd4 14. exd4 Qd6 15. Re1 $14 {Kasparov,G-Benjamin,J/
Horgen 1994/1/2-1/2 (58)})) 9. Bxc4 c5 (9... Nc6 10. O-O Bxc3 11. Rxc3 e5 12.
d5 Ne7 13. Bb3 Bg4 14. Rxc7 Qd6 15. Qc2 Rac8 16. Rxc8 Rxc8 17. Qe4 {1-0 Van
der Sterren,P-Blatny,P/Moscow olm 1994 (53)}) 10. O-O (10. dxc5 Bxc5 11. O-O
Qe7 12. Ne4 Rd8 13. Qc2 Bb6 14. a3 Bd7 15. Ba2 Be8 16. Bb1 Nd7 {1/2-1/2 Ribli,
Z-Serper,G/Groningen PCA 1993 (25)}) 10... cxd4 11. exd4 (11. Nxd4 {Das ist
die andere Möglichkeit, wenn Weiß keinen Isolani bekommen möchte.Ribli.} a6 $5
12. Ne4 Qe7 13. Nb3 Rd8 14. Qc2 Qf8 15. Be2 Bd7 16. a3 Be7 17. Na5 b6 18. Nc4
b5 19. Ne5 Ra7 20. Rfd1 {0-1 Gagarin,V-Aleksandrov,A/RUS-Cup2 Moscow 1996 (38)}
) (11. Qxd4 Qxd4 12. Nxd4 Bd7 13. a3 Bxc3 14. Rxc3 Nc6 15. Nxc6 Bxc6 16. Rd1
Rfd8 17. Rxd8+ Rxd8 {1/2-1/2 Podgaets,M-Gorelov,S/URS-FL Sverdlovsk 1984 (23)})
11... Nc6 (11... Bxc3 $5) 12. Ne4 Qd8 (12... Qf4 {Das wäre eine Alternativet,
aber die Qf4 ist nur scheinbar aktiv, in Wirklichkeit ist sie für Weiß mit
Tempogewinn leicht anzugreifen.}) (12... Qe7 13. Qe2 $14) (12... Qf4 13. Qe2
Rd8 14. g3 (14. Rfd1 Be7 15. d5 $4 exd5 {0-1 Vandevoort,P-Sosonko,G/Brussels
zt (03)/1993/}) 14... Qf5 (14... Qg4 15. Qe3 Ba5 16. Be2 Bb6 17. Rfd1 (17. Ne5
Qf5 18. Nxc6 bxc6 19. Nc5 Qd5 20. Rfd1 Qxa2 21. Bc4 Qxb2 22. Rb1 Qc2 23. Bd3
Qa2) 17... Qf5 18. Nc5 Qf6 $1 19. Ne5 Nb4 $2 (19... Nxe5 20. Qxe5 $5 Qxe5 21.
dxe5 Rxd1+ 22. Bxd1 Bxc5 23. Rxc5 Bd7 24. Bf3 Rc8 25. Ra5 $16) 20. a3 (20. Bh5
$5 g6 21. Qxh6 Qg7 22. Qxg7+ Kxg7 23. Bf3 Nxa2 24. Ra1 Nb4 25. Nc4 $16) 20...
Nd5 21. Qe4 {1-0 Gelfand,B-Benjamin,J/Horgen CS (10)/1994 (41)}) 15. Rfd1 Ba5 (
15... Bf8 16. a3 Bd7 17. Bd3 Qh5 18. Nc5 Bxc5 19. Rxc5 Qg4 20. Kg2 b6 21. Rc3
Qh5 22. Ne5 Qxe2 23. Bxe2 Nxe5 24. dxe5 Ba4 25. b3 Rxd1 26. Bxd1 Bb5 {1/2-1/2
Cebalo,M-Dizdar,G/CRO-ch/1995 (32)}) 16. Nh4 Qh7 17. d5 exd5 18. Bxd5 Bf5 {1-0
Shneider,A-Blatny,P/Bern op 1995 (35)} (18... Bf5 {Ftacnik} 19. Nc5 Bb6 20.
Nxb7 Nd4 (20... Rxd5 21. Rxd5 Nd4 22. Qd2 $18) 21. Rxd4 Bxd4 22. Nxd8 Rxd8 23.
Rc7 {1-0 Shneider,A-Blatny,P/Bern op (05)/1995 (36)})) 13. a3 (13. d5 exd5 14.
Bxd5 Bf5 $1 $8 (14... Ne7 $2 15. Bxf7+ $1 Kxf7 16. Qb3+ Nd5 17. Rfd1 Be6 18.
Nd4 $40) (14... Bg4 15. Bxc6 bxc6 16. Rxc6 $16) (14... Bd7 15. a3 $1 Be7 16. b4
$14) 15. Qb3 Qb6 {1/2-1/2 Komarov,D-Kupreichik,V/Jugoslavija 1995 (25)} (15...
Qb6 {Ftacnik} 16. Ng3 (16. a3 Be7 17. Qxb6 axb6 18. Bxc6 bxc6 19. Ng3 Bd3 20.
Rfd1 Bb5 21. Nd4 Bf6 $11) 16... Bd7 17. Nh5 $5 {><g7} Bg4 18. Bxc6 (18. Nf4 $6
Bxf3 19. Qxf3 Bd2 $1 $36) 18... bxc6 (18... Bxh5 19. Bd5 $11) 19. Rc4 (19. Nxg7
$2 Kxg7 20. Ne5 Bd2 $1 $19) 19... Bxh5 20. Rxb4 Qa5 $1 {1/2-1/2 Komarov,
D-Kupreichik,V/JUG/1995 (26)})) (13. Qd3 {Ftacnik} Be7 14. a3 Bd7 $11) 13...
Ba5 (13... Be7 {Meiner Meinung nach wäre diese Fortsetzung logisch, aber Judit
hat andere Gedanken im Kopf. Sie möchte Pd4 attackieren.Ribli.}) (13... Be7 {
Ftacnik} 14. Qd3 $5 (14. d5 exd5 15. Bxd5 Bf5 $11)) 14. Qd3 Bb6 15. Rfd1 {Weiß
hat einen isolierten Pd4 aber -wie üblich im Damengambit- auch Raumvorteil.
Der schwarze Bc8 findet kein gutes Feld.Ribli.} Qe7 (15... Ne7 {Ftacnik} 16.
Ba2 Bd7 17. Bb1 $14) 16. Bb5 (16. Ba2 {Ftacnik} Rd8) 16... Bd7 (16... Rd8 $5 {
Ftacnik} 17. Bxc6 bxc6 18. Rxc6 (18. Qe3 Bb7 19. Ne5 Rac8 20. b4 $13) 18... Bb7
19. Rcc1 e5 20. Ng3 Qe6 21. Qe3 Bxf3 22. Qxf3 Bxd4 23. b4 a5 $11) 17. Nc5 $14
Be8 (17... Bxc5 18. dxc5 {[%csl Rd6]}) (17... Rac8 {Ftacnik} 18. Nxd7 Qxd7 19.
Bxc6 bxc6 20. Ne5 $14) 18. Qc3 Rc8 (18... Rd8 {Ftacnik} 19. Nxb7 Qxb7 20. Bxc6
Bxc6 21. Qxc6 Qxc6 22. Rxc6 $14) 19. b4 {[%csl Gc5] Weiß hat ein sehr gut
plazierten Nc5. Es ist schwierig für Schwarz, zu Gegenspiel zu kommen, aber
Judit verteidigt sich hartnäckig.Ribli.} a5 20. Bd3 {[%cal Gd3b1,Gd3h7] Der
Läufer wechselt auf die Diagonale b1-h7, auf der er den schwarzen König ein
wenig beunruhigen kann.Ribli.} axb4 21. axb4 Rc7 (21... Bd7 {Ftacnik} 22. Qe1
$14) 22. Qe1 $1 {Ein wahrhaft großmeisterlicher Zug! Die Opposition mit dem
Turm war der weißen Dame unangenehm, von e1 droht sie nun nach e4 zu ziehen.
Übrigens steht sie auch sonst ganz gut auf e1, sie deckt Pb4 und kontrolliert
die e-Linie.Ribli.} Kh8 (22... Bd7 {Ftacnik} 23. Qe4 f5 24. Qe1 Rfc8 25. Bc4
$14) 23. h4 $5 {Weiß gewinnt zusätzlich Raum und verhindert das später
eventuell mögliche Qg5.Ribli.} Qd6 24. Bb1 (24. Qe4 {Ftacnik} f5 $1 25. Qxe6 $4
Bxc5 $19) 24... Qf4 25. Be4 {Jetzt droht Weiß mit 26.Nxb7 Rxb7 27.Bxc6.Ribli.}
Ne7 (25... Bd7 {Ftacnik} 26. g3 $14) 26. g3 Qf6 27. Ne5 {[%csl Gc5,Ge5][%cal
Re5g4,Rg4f6] Weiß aktiviert nicht nur  seinen Springer, sondern droht zugleich
28.Ng4 mit Damenfang.Ribli.} (27. Nxb7 $6 Rxc1 28. Rxc1 Bxd4 (28... Bxd4 {
Ftacnik} 29. Nxd4 Qxd4 30. Rd1 Qb6 31. Nc5 $14)) 27... Nf5 (27... Bc6 $4 {
Ftacnik} 28. Ng4 $18) (27... Nc6 $5 {Ftacnik} 28. Ng4 Qe7) 28. Ng4 Qd8 (28...
Qe7 29. d5 (29. Bxf5 {Ftacnik} exf5 30. Qxe7 Rxe7 31. Ne3 $16) 29... Bxc5 30.
bxc5 Rxc5 31. Bxf5 $18 (31. d6 $2 Nxd6 32. Rxc5 Nxe4 $13)) 29. d5 $1 $16 {All
the white pieces are harmoniously supporting this breakthrough. Da nun alles
gut vorbereitet ist, zelebriert Weiß den Durchbruch.Ribli. Alle weisse Krafte
unterstutzen mit Harmonie diesen wichtigen Durchbruch.} Nd6 (29... Qe7 {Ftacnik
} 30. Bxf5 exf5 31. d6 Qxe1+ 32. Rxe1 $16) 30. dxe6 f5 {Jetzt beginnt ein
scharfer taktischer Kampf, jedoch mit weißem Vorteil.Ribli.} 31. Nxb7 (31. Qd2
$5 {Ftacnik} fxe4 (31... Ba4 32. Bc2 Bxc2 33. Rxc2 fxg4 34. Qxd6 $18) 32. Qxd6
Qxd6 33. Rxd6 Ba7 34. Ne5 $16) 31... Qe7 $5 (31... Rxb7 32. Bxb7 Qe7 (32...
fxg4 33. e7 $18) 33. Rxd6 {Führt zur Partiefortsetzung.} (33. Ne5 {Ftacnik}
Nxb7 34. Rd7 (34. Nd7 Rf6 35. Nxf6 $16) 34... Qxe6 35. Rxb7 f4 36. Nd3 Qg6 37.
Nc5 $18)) 32. Rxd6 (32. Nxd6 Rxc1 33. Rxc1 Qxd6) 32... Rxb7 $8 (32... fxe4 33.
Rxb6 $18 (33. Rxb6 {Ftacnik} Rxb7 34. Rxb7 Qxb7 35. Qc3 $18)) (32... fxg4 33.
Rxb6 $18) 33. Bxb7 Qxd6 (33... Qxb7 34. e7 $18 (34. Nxh6 $1 {Ftacnik} gxh6 35.
Qe5+ $18)) 34. e7 $1 {Weiß hat keine Angst vor Komplikationen. Er opfert
seinen Pg3 mit Schach, aber das ist irrelevant, weil sein Pe7 so mächtig ist.
Ribli.} (34. Qe5 Bxf2+ $1 35. Kxf2 $4 fxg4+ $19) (34. Ne3 {Ftacnik} Qxe6 35.
Nd5 Qd7 36. Nxb6 Qxb7 37. Rc8 $18) 34... Qxg3+ $6 (34... Rf7 $5 {Meiner
Meinung nach wäre das die beste Verteidigung für Schwarz. Natürlich hat Weiß
auch hier Vorteil, aber Schwarz kann sich noch verteidigen.Ribli.}) (34... Rf7
{Ftacnik} 35. Rc8 Rxe7 36. Rxe8+ Rxe8 37. Qxe8+ Kh7 38. Kh2 $18) 35. Bg2 Rg8 (
35... Rf7 {Ftacnik} 36. Rc8 $18) 36. Ne5 {[%csl Ge5,Ge7]} Qxh4 37. Rc8 {[%csl
Rg6][%cal Rc8e8]} Kh7 (37... Qxe7 $2 38. Ng6+ $18) ({Die Drohung ist} 37... --
38. Rxe8 Rxe8 39. Ng6+ $18) (37... Qf4 $2 {Ftacnik} 38. Rxe8 Bxf2+ 39. Qxf2
Qxe5 40. Rxg8+ Kxg8 41. Qxf5 $18) (37... Bh5 {Ftacnik} 38. Rxg8+ Kxg8 39. Nd3
Kh7 40. e8=Q Bxe8 41. Qxe8 Qd4 42. Qb5 $18) (37... Qg3 $5 {Ftacnik} 38. Nc4 Bd4
(38... Ba7 39. b5 Bd4 40. Qd2 $18) 39. Qd2 (39. Rd8 $1 Qg4 40. Nd6 f4 41. Nf7+
Bxf7 42. Rxg8+ Kxg8 43. e8=Q+ Bxe8 44. Qxe8+ Kh7 45. Qe4+ Qg6 $11) 39... Ba7
40. b5 Bxb5 41. Rxg8+ Kxg8 42. Qa2 Bxf2+ 43. Qxf2 $18) 38. Nc4 Bd4 (38... Qf6)
(38... Ba7 {Ftacnik} 39. Nd6 Qh5 40. Nxe8 $18) 39. Nd6 $18 Qh5 (39... Bxf2+ {
Ftacnik} 40. Qxf2 Qxe7 41. Nxe8 $18) 40. Nxe8 Rxe8 41. Rxe8 Qxe8 42. Qe6 {
[%csl Ge6][%cal Rg2c6,Rc6e8]} Bf6 $8 (42... g6 {Ftacnik} 43. Bc6 $18) 43. Qxf5+
Kg8 (43... Kh8 44. Be4 $18) 44. Bd5+ Kh8 45. Be4 {Und Schwarz gab. Eine von
Topalov sehr stark gespielte Partie.Ribli.} (45. Be4 Qg8 (45... Kg8 {Ftacnik}
46. Qh7+ Kf7 47. Bg6+ $18) 46. e8=Q $18) 1-0

[Event "Dortmund SuperGM 25th"]
[Site "Dortmund"]
[Date "1997.07.11"]
[Round "7"]
[White "Polgar, Judit"]
[Black "Jussupow, Artur"]
[Result "0-1"]
[WhiteElo "2670"]
[BlackElo "2640"]
[Annotator "Jussupow,A"]
[PlyCount "124"]
[EventDate "1997.07.04"]
[EventType "tourn"]
[EventRounds "9"]
[EventCountry "GER"]
[EventCategory "18"]
[Source "ChessBase"]
[SourceDate "1997.09.29"]

1. e4 Nf6 2. e5 Nd5 3. d4 d6 4. Nf3 Bg4 5. Be2 e6 6. h3 Bh5 7. c4 Nb6 8. Nc3
Be7 9. d5 $6 exd5 (9... dxe5 $143 10. Nxe5 $36 (10. dxe6 $5)) 10. cxd5 dxe5 (
10... Bxf3 $143 11. Bxf3 dxe5 12. d6 $16) 11. g4 (11. Nxe5 Bxe2 12. Qxe2 O-O
$17 {[%csl Rd5]}) 11... Bg6 12. Nxe5 N8d7 13. Nxd7 Qxd7 (13... Nxd7 $5 14. Bf4
(14. Be3 O-O 15. Qd2 Re8) 14... O-O $32) 14. Bb5 c6 15. dxc6 bxc6 16. Qxd7+
Kxd7 17. Ba6 (17. Be2 $5 $11) 17... Bd6 (17... -- 18. Bf4 $40 {/\0-0-0}) 18.
Be3 h5 19. Ke2 (19. O-O-O Kc7) 19... Rae8 {[%cal Ge8e2]} 20. a4 hxg4 21. a5 Nc8
(21... Nd5 $4 22. Nxd5 cxd5 23. Bb5+ $18) 22. hxg4 Rxh1 23. Rxh1 Bf4 24. Rd1+
Kc7 (24... Nd6 $2 25. Nb5 $1 $16 cxb5 $140 26. Bxb5+ Kc7 27. Bxe8 Bxe3 28. Rxd6
$18) 25. Rc1 $2 {Weiß hat seine Stellung überschätzt. Statt dessen müsste er
Remis forcieren.} (25. Nd5+ $142 $1 cxd5 26. Rc1+ Kd6 $1 (26... Kd7 $2 27. Bb5+
Kd8 28. Bxe8 $18) (26... Kb8 $2 27. Rxc8+ Rxc8 28. Bxf4+ Rc7 29. b4 $18) 27.
Rxc8 Rxc8 28. Bxf4+ Kd7 $11) (25. Nb5+ $142 $1 cxb5 (25... Kb8 $2 26. Rd8 Rxd8
27. Bxf4+ Ka8 28. Nc7+ Kb8 29. Ne6+ Rd6 30. Nxg7 $18) 26. Rc1+ Kd6 27. Rxc8
Rxc8 28. Bxf4+ Kd7 29. Bxc8+ Kxc8 $11) 25... Bxe3 26. Nd5+ Kd7 27. Nxe3 Nd6 $17
{[%csl Ra5,Rb2]} 28. Rd1 Kc7 29. Rd4 c5 30. Rd2 Kc6 31. Kf3 f6 32. Kg2 Re4 33.
b3 Rd4 34. Rb2 Be4+ (34... Bf7 $5 $17) 35. Kf1 Bf3 36. Be2 Bxe2+ 37. Kxe2 Kb5
38. Rc2 a6 39. Rc1 g5 $6 $138 {[%csl Rf6]} (39... Nb7 $142 40. Nc4 Rxg4 $19) (
39... Rb4 40. Rc3) 40. f3 Rb4 $6 (40... Nb7 $142 41. Nc4 Kb4) 41. Nd5 Rxb3 42.
Nxf6 c4 $17 43. Rd1 Kc6 $1 44. Nd5 Nb5 45. Ne7+ Kc7 $1 (45... Kc5 $2 46. Rd5+)
46. Nd5+ Kb7 47. Kf2 c3 48. f4 $5 (48. Rc1 Kc6 49. Nf6 Na3 50. Ne4 c2 51. Ke2
Rb5 $17) 48... gxf4 $1 (48... c2 $143 49. Rc1 Nd4 50. fxg5 $1 Rb1 51. Rxc2 Nxc2
52. g6 Kc6 53. Ne7+ Kc5 54. g7) 49. Nxf4 (49. Rc1 $5 $17) 49... c2 50. Rc1 Nd4
51. Ne2 $138 (51. Ke1 Rg3 $19) (51. Kg2 Rc3 52. Nd5 Rd3 $17) 51... Rf3+ 52. Kg2
Nxe2 53. Rxc2 Nd4 $1 $19 54. Rc4 (54. Rb2+ Rb3 55. Rxb3+ Nxb3 56. g5 Nxa5 57.
g6 Nc6 58. g7 Ne7 59. Kf3 Kc6 60. Ke4 Kd6 61. Kd3 (61. Kd4 Nf5+ {[%cal Rf5d4,
Rf5g7]}) 61... Ke6 62. Kc4 Kf7 63. Kc5 a5 $1 64. Kb5 Nc6 $19 {[%cal Gc6a5]})
54... Rd3 55. Rc5 Ne6 56. Re5 Nf4+ 57. Kf2 Kc6 58. Rf5 Ne6 59. g5 Rd5 $1 60.
Rxd5 (60. Rf6 Kd6 61. g6 Rxa5 $19) 60... Kxd5 61. g6 Ke4 $1 (61... Ke5 $2 62.
Ke3 Kf6 (62... Kf5 63. g7 Nxg7 64. Kd4 Ne6+ 65. Kd5 Nf4+ 66. Kc5 Nd3+ 67. Kb6
Nb4 68. Kc5 $11) 63. Ke4 Kxg6 64. Kd5 Kf5 65. Kc6 $11 {[%csl Ra6]}) 62. Kg3 (
62. Ke2 Nf4+ $19) (62. Ke1 Kf5 63. Kd2 Kxg6 64. Kd3 Kf5 65. Kc4 Ke5 $19) 62...
Nf4 $1 {[%cal Rf4g6,Yf4h5,Yh5g7,Yh5g3]} (62... Nf4 $1 63. g7 Nh5+ $19) 0-1